000 00781nam a22002177a 4500
999 _c5734
_d5734
003 AR-CdUCM
008 190313b ||||| |||| 00| 0 spa d
040 _aMUNICIPALIDAD PROVINCIAL DEL CUSCO
_cBIBLIOTECA MUNICIPAL DEL CUSCO
082 _a301.151 /
_bIN53
100 _aIngenieros, Jose
_9579
245 _aEl hombre mediocre /
260 _aBuenos Aires :
_bEdicicones Meridion,
_c1953.
300 _a206 paginas ;
_c20 cm.
500 _aDonación de la familia Nieto.
505 _aContenido: El hombre mediocre -- La mediocridad intelectual -- Los carácter mediocres -- La envidia -- la vejez niveladora ...
650 _aLos temperamentos idealistas
_917070
650 _aHonestidad
_917071
650 _aPsicolegía
_917072
942 _2ddc
_cLIBROS
945 _aAlvina